格陵兰测验 - Statistics

General Stats
  • This quiz has been taken 251 times
  • The average score is 10 of 17
Answer Stats
题目 答案 % Correct
格陵兰是该国的自治区 丹麦
96%
离格陵兰最近的国家 加拿大
86%
与格陵兰接壤的海洋 北冰洋
85%
与格陵兰接壤的海洋 大西洋
85%
离格陵兰最近的国家 冰岛
83%
1946年开价一亿美元意图收购格陵兰岛的国家 美国
82%
格陵兰的首都 努克
73%
于公元986年在此安家落户的人群 北欧人
63%
国徽上的动物 北极熊
56%
把格陵兰和非洲画的差不多大的常见投影法 {墨卡托}投影法
55%
88%的格陵兰人都属于这个民族 因纽特
54%
什么覆盖了格陵兰岛88%的陆地面积? 格陵兰{冰盖}
43%
不幸的是,格陵兰的___率比任何国家都要高 自杀
36%
格陵兰的主要输出
26%
格陵兰海岸被认为具有最长寿命的脊椎动物 格陵兰{鲨}
17%
北格陵兰特有的大型牛科动物 麝牛
9%
是谁建立了该乡镇? 红胡子埃里克
6%
No matching quizzes found
Score Distribution
Percent of People with Each Score
Percentile by Number Answered
Your Score History
You have not taken this quiz